Largest Countries Containing 'P' - Statistics

General Stats
  • This quiz has been taken 429 times
  • The average score is 13 of 20
Answer Stats
km Country mi % Correct
881,912 Pakistan 340,508
90%
1,285,216 Peru 496,225
89%
312,679 Poland 120,726
89%
300,000 Philippines 120,000
85%
92,090 Portugal 32,560
85%
406,752 Paraguay 157,048
82%
75,417 Panama 29,119
77%
2,344,858 D.R. Congo 905,355
76%
377,930 Japan 145,920
72%
342,000 R. Congo 132,000
72%
505,992 Spain 195,365
68%
462,840 P.N.G. 178,700
67%
1,002,450 Egypt 387,050
63%
622,984 C.A.R. 240,535
61%
147,181 Nepal 56,827
58%
1,104,300 Ethiopia 426,400
57%
78,865 Czech Republic 30,450
47%
48,671 Dominican Rep. 18,792
41%
4,033 Cape Verde 1,557
29%
9,251 Cyprus 3,572
24%
No matching quizzes found
Score Distribution
Percent of People with Each Score
Percentile by Number Answered
Your Score History
You have not taken this quiz